| 1 | 20.00 | 100% | 100% | 0% |
Current Events | 1 | 30.00 | 100% | 100% | 100% |
Fine Arts - Auditory Fine Arts | 2 | 10.00 | 100% | 0% | 0% |
Fine Arts - Other Fine Arts | 3 | 16.67 | 100% | 33% | 33% |
Fine Arts - Visual Fine Arts | 1 | 10.00 | 100% | 0% | 0% |
Geography | 1 | 30.00 | 100% | 100% | 100% |
History - American History | 3 | 10.00 | 100% | 0% | 0% |
History - European History | 2 | 15.00 | 100% | 50% | 0% |
History - Other History | 5 | 18.00 | 80% | 80% | 20% |
History - World History | 4 | 12.50 | 75% | 50% | 0% |
Literature - American Literature | 3 | 20.00 | 100% | 67% | 33% |
Literature - British Literature | 6 | 13.33 | 83% | 50% | 0% |
Literature - European Literature | 3 | 20.00 | 100% | 67% | 33% |
Literature - World Literature | 3 | 20.00 | 100% | 100% | 0% |
Mythology | 4 | 15.00 | 100% | 25% | 25% |
Other Academic | 2 | 15.00 | 100% | 0% | 50% |
Philosophy | 3 | 10.00 | 67% | 0% | 33% |
Pop Culture | 3 | 20.00 | 100% | 67% | 33% |
Religion | 4 | 17.50 | 100% | 50% | 25% |
Science - Biology | 6 | 3.33 | 33% | 0% | 0% |
Science - Chemistry | 2 | 5.00 | 50% | 0% | 0% |
Science - Other Science | 3 | 16.67 | 100% | 67% | 0% |
Science - Physics | 4 | 12.50 | 75% | 50% | 0% |
Social Science | 3 | 13.33 | 100% | 33% | 0% |